| 000 | 00448pab a2200157 454500 | ||
|---|---|---|---|
| 008 | 180718b2007 xxu||||| |||| 00| 0 eng d | ||
| 100 | _aFuwa, Nobuhiko | ||
| 245 | _aPathways out of rural poverty: a case study in socio-economic mobility in the rural Philippines | ||
| 260 | _c2007 | ||
| 300 | _ap.123-44. | ||
| 362 | _aJan | ||
| 650 | _aPoverty - Philippines | ||
| 650 | _aPoverty | ||
| 773 | _aCambridge Journal of Economics | ||
| 909 | _a73241 | ||
| 999 |
_c73241 _d73241 |
||